Gentilés de la métropole rouennaise. Où habitent les ... - Statistiques

Statistiques générales
  • Ce quiz a été pris 45 fois
  • Le résultat moyen est 32 sur 66
Statistiques - réponses
Gentilé Commune % Correct
B Bois-Guillaumais Bois-Guillaume
93%
E Elbeuviens Elbeuf
90%
L Grand-Quevillais Le Grand-Quevilly
90%
R Rouennais Rouen
90%
B Bihorellais Bihorel
88%
D Darnétalais Darnétal
88%
C Cléonnais Cléon
85%
L Quevillais Le Petit-Quevilly
85%
M Mont-Saint-Aignanais Mont-Saint-Aignan
85%
B Belbeuviens Belbeuf
83%
F Franquevillais Franqueville-Saint-Pierre
83%
G Couronnais Grand-Couronne | Petit-Couronne
83%
H Houppevillais Houppeville
80%
I Isneauvillais Isneauville
80%
M Marommais Maromme
80%
S Sottevillais Sotteville-lès-Rouen | Sotteville-sous-le-Val
80%
D Dévillois Déville-lès-Rouen
78%
D Duclairois Duclair
78%
J Jumiègeois Jumièges
75%
M Malaunaysiens Malaunay
75%
A Amfrevillais Amfreville-la-mi-voie
73%
C Cantiliens Canteleu
70%
L Houlmois Le Houlme
70%
T Tourvillais Tourville-la-Rivière
70%
B Bouillais La Bouille
65%
O Osseliens Oissel
65%
L Mesnillais Le Mesnil-Esnard | Le Mesnil-sous-Jumièges
63%
H Hénouvillais Hénouville
58%
O Orivalais Orival
58%
C Caudebecais Caudebec-lès-Elbeuf
55%
N Bondevillais Notre-Dame-de-Bondeville
55%
L Londais La Londe
53%
S Saint-Aubinois Saint-Aubin-Celloville | Saint-Aubin-Epinay | Saint-Aubin-lès-Elbeuf
53%
B Bardouvillais Bardouville
50%
B Boésiens Boos
50%
L Traitons Le Trait
48%
S Saint-Jacquais Saint-Jacques-sur-Darnétal
45%
Y Yainvillais Yainville
45%
S Stéphanais Saint-Etienne-du-Rouvray
43%
Y Ymarois Ymare
40%
S Boschervillais Saint-Martin-de-Boscherville
35%
S Sahuriens Sahurs
33%
S Saint-Pierrais Saint-Pierre-lès-Elbeuf
33%
Q Quevillonnais Quevillon
30%
S Varengevillais Saint-Pierre-de-Varengeville
28%
S Saint-Martinais Saint-Martin-du-Vivier
25%
B Bonoxiliens Bonsecours
20%
H Hautotais Hautot-sur-Seine
20%
M Moulinais Moulineaux
20%
S Saint-Paërois Saint-Paër
20%
F Freneusiens Freneuse
18%
A Annevillais Anneville-Ambourville
15%
F Fontains Fontaine-sous-Préaux
15%
L Neuvillais La Neuville-Chant-d'Oisel
15%
S Bourdenysiens Saint-Léger-du-Bourg-Denis
15%
R Roncherollais Roncherolles-sur-le-Vivier
13%
S Mannevillais Saint-Pierre-de-Manneville
13%
Y Yvillais Yville-sur-Seine
13%
Q Quévrevillais Quévreville-la-Poterie
10%
S Margueritais Sainte-Marguerite-sur-Duclair
10%
B Bervillais Berville-sur-Seine
8%
M Manémontais Montmain
8%
G Gauvassiens Gouy
5%
L Authipontains Les Authieux-sur-le-port-Saint-Ouen
5%
E Spiniciens Epinay-sur-Duclair
3%
V Vaudésiens Val-de-la-Haye
3%
Aucun quiz correspondant
Distribution des résultats
% des personnes avec chaque résultat
Percentile par nombre de réponses
Votre historique - résultats
Vous n’avez pas pris ce quiz